000 00392 a2200157 4500
001 156398
020 _a9788508182176
040 _cEscola São Tomás de Aquino
100 _aDANTE, Luiz Roberto
240 1 0 _aEducação financeira para crianças
_lpor
245 1 0 _aEducação financeira para crianças
300 _a58
362 0 _a2016
697 _aFinanças pessoais
942 _cBK
999 _c156398
_d156398